000 00178nam a22000737a 4500
999 _c24267
_d24267
003 Nust
005 20170529123012.0
008 140515b xxu||||| |||| 00| 0 eng d
020 _cAvailable
_a0-19-282799-5
040 _aDLC
_bDLC
_cRCMS
082 _2[New ed.]
_a950.3 HOP
100 _aHopkirk, Peter
_91507
245 _aThe great game:
_cPeter Hopkirk
_bon secret service in high Asia
250 _a[New ed.]
260 _aNew Yourk
_bOxford University Press,
_cc1991
300 _axiv, 562 p. :
_bill., maps, ports. ;
_c22,cm.
500 _aOriginally published: London : John Murray, 1990.
538 _iShelf # 13, Row # 4, Fiction.
610 _zAsia
_91508
650 _aEngland och Ryssland
_91509
651 _aForeign relations
_y19th century.
_91510
856 _3Table of Content Only
942 _2ddc
_cFIC